[Event "GER-chT Federal Cup (Women)"]
[Site "Braunfels"]
[Date "2019.06.20"]
[Round "1.44"]
[White "Lerch, Cornelia"]
[Black "Boettger, Sina Fleur"]
[Result "1/2-1/2"]
[WhiteElo "1861"]
[BlackElo "1744"]
[PlyCount "85"]
[EventDate "2019.06.20"]
[EventType "team-swiss"]
[EventRounds "5"]
[EventCountry "GER"]
[SourceTitle "CBM 191 Extra"]
[Source "ChessBase"]
[SourceDate "2019.09.30"]
[SourceVersion "1"]
[SourceVersionDate "2019.09.30"]
[SourceQuality "1"]

1. e4 c5 2. c3 d5 3. exd5 Qxd5 4. d4 Nc6 5. Nf3 Bg4 6. Be2 Nf6 7. Be3 cxd4 8. cxd4 e6 9. Nc3 Qa5 10. a3 Bd6 11. 0-0 a6 12. h3 Bh5 13. b4 Qd8 14. Qb3 0-0 15. Rfd1 Ne7 16. Bg5 Nfd5 17. Nxd5 exd5 18. Re1 f6 19. Bh4 Kh8 20. g4 Bf7 21. Qe3 Ng6 22. Bg3 Re8 23. Qd2 Bxg3 24. fxg3 Qd6 25. Kg2 Ne7 26. Bd3 Bg6 27. Bxg6 Nxg6 28. Rxe8+ Rxe8 29. Re1 Qc6 30. Rxe8+ Qxe8 31. Qe1 Qxe1 32. Nxe1 Ne7 33. Kf3 Nc6 34. Ke3 Kg8 35. Nd3 b6 36. Nf4 Ne7 37. Kd3 Kf7 38. Kc3 g5 39. Nd3 Ke6 40. a4 Kd6 41. a5 bxa5 42. bxa5 Nc6 43. Nb4 1/2-1/2

[Event "BL2 West 1617 (Women)"]
[Site "Germany"]
[Date "2017.03.26"]
[Round "7.4"]
[White "Lerch, Cornelia"]
[Black "Hausrath, Michaela"]
[Result "1/2-1/2"]
[WhiteElo "1880"]
[BlackElo "1752"]
[PlyCount "28"]
[EventDate "2016.10.22"]
[EventType "team-tourn"]
[EventRounds "7"]
[EventCountry "GER"]
[SourceTitle "EXT 2018"]
[Source "ChessBase"]
[SourceDate "2017.10.13"]
[SourceVersion "1"]
[SourceVersionDate "2017.10.13"]
[SourceQuality "1"]
[WhiteTeam "Horst Emscher (W)"]
[BlackTeam "Muelheim Nord (W)"]
[WhiteTeamCountry "GER"]
[BlackTeamCountry "GER"]

1. e4 c5 2. c3 d5 3. exd5 Qxd5 4. d4 Nf6 5. Nf3 Bg4 6. Be2 e6 7. Be3 cxd4 8. Bxd4 Nc6 9. Be3 Be7 10. 0-0 0-0 11. h3 Bh5 12. Nbd2 Rfd8 13. Nb3 Qxd1 14. Raxd1 Kf8 1/2-1/2

[Event "Rheinhessen-ch HTA"]
[Site "Gau Algesheim"]
[Date "2010.03.28"]
[Round "3"]
[White "Krahnke, Alexander"]
[Black "Lerch, Cornelia"]
[Result "0-1"]
[WhiteElo "1738"]
[BlackElo "1716"]
[PlyCount "68"]
[EventDate "2010.03.27"]
[EventType "swiss"]
[EventRounds "7"]
[EventCountry "GER"]
[SourceTitle "EXT 2012"]
[Source "ChessBase"]
[SourceDate "2011.11.24"]
[SourceVersion "1"]
[SourceVersionDate "2011.11.24"]
[SourceQuality "1"]

1. e4 e5 2. Nf3 Nc6 3. Bc4 Bc5 4. c3 Nf6 5. d3 h6 6. b4 Bb6 7. b5 Na5 8. Nxe5 Nxc4 9. Nxc4 d5 10. Nxb6 axb6 11. Nd2 dxe4 12. dxe4 Qd3 13. Qf3 Qxb5 14. Qg3 0-0 15. c4 Qc5 16. Bb2 Nh5 17. Qf3 Qg5 18. h4 Qg6 19. 0-0 Bg4 20. Qc3 Nf4 21. Qe3 Ne6 22. f4 Nc5 23. f5 Qd6 24. e5 Qd3 25. Qf4 h5 26. e6 fxe6 27. Qe5 Qd7 28. f6 Nd3 29. Qg5 Nxb2 30. Ne4 Qd4+ 31. Kh2 Rf7 32. fxg7 Rxf1 33. Rxf1 Qxe4 34. Qh6 Qe5+ 0-1